01402cam a22004334i 4500003000900000005001700009008004100026035001900067035001900086040003300105082001800138245014200156264009200298300003900390336002100429337002500450338002300475490006300498526001000561526001000571526000900581526000900590526000900599526000900608526000900617526000900626526000900635526000800644526000800652526000800660526000800668526000800676651002900684651002700713651005800740700005700798700003600855710007700891PE-LiUPU20250731165558.0150625s r 000 0 d a(Sirsi) a36861 a(Sirsi) a36861 aPE-LiUPUbspacPE-LiUPUerda04a985.04bD22313aLa Marina 1780 - 1822 :nVolumen 4. /ccompliación: Cap. de navío, Julio J. Elías M. ; edición y prólogo: Félix Denegri Luna. 1aLima :bComisión Nacional del Sesquicentenario de la Independencia del Perú,c1971. a357 páginas ;c24 centímetros. atext2rdacontent aunmediated2rdamedia avolume2rdacarrier0 aColección Documental de la Independencia del Perú ;v7 aSEG44 aSEG26 aP151 aP150 aP149 aP146 aP145 aP126 aP125 aP92 aP75 aP74 aP27 aP15 aPerú. Marina de Guerra aPerúxHistoria naval aPerúxHistoriayEmancipación, 1808-1824vFuentes.1 aElías Murgía, Julio J.,d1901-1972,ecompilador.1 aDenegri Luna, Félix1919-1998.2 a.Comisión Nacional del Sesquicentenario de la Independencia del Perú